[Event "ch-CHN 2013"]
[Site "Xinghua CHN"]
[Date "2013.04.16"]
[Round "1.1"]
[White "Li, Chao b"]
[Black "Hou, Yifan"]
[Result "1/2-1/2"]
[WhiteTitle "GM"]
[BlackTitle "GM"]
[WhiteElo "2686"]
[BlackElo "2617"]
[WhiteFideId "8604436"]
[BlackFideId "8602980"]
[EventDate "2013.04.16"]

1. d4 Nf6 2. c4 e6 3. Nc3 Bb4 4. Qc2 d5 5. cxd5 exd5 6. Bg5 c5 7. dxc5 h6 8. Bh4
g5 9. Bg3 Ne4 10. e3 Qa5 11. Rc1 Qxa2 12. Bb5+ Bd7 13. Bxd7+ Nxd7 14. Ne2 Nxc3
15. Nxc3 Qc4 16. Bd6 Nxc5 17. Bxc5 Qxc5 18. O-O Bxc3 19. Qa4+ Qc6 20. Qa3 Qa6
21. Qxa6 bxa6 22. Rxc3 O-O 23. Rc6 Kg7 24. Rd1 Rfc8 25. Rxa6 Rab8 26. g4 Rxb2
27. Rxd5 Rcc2 28. Rf5 Ra2 29. Rd6 Rc7 30. Rdd5 a6 31. Kg2 Rc6 32. Rd7 Rf6 33. e4
Rxf5 34. gxf5 Kf6 35. Rd6+ Ke5 36. Rxh6 Kxe4 37. Rf6 Ra5 38. Kg3 Rxf5 39. f3+
Ke5 40. Rxa6 Rf4 1/2-1/2

[Event "ch-CHN 2013"]
[Site "Xinghua CHN"]
[Date "2013.04.16"]
[Round "1.2"]
[White "Xiu, Deshun"]
[Black "Bu, Xiangzhi"]
[Result "1/2-1/2"]
[WhiteTitle "GM"]
[BlackTitle "GM"]
[WhiteElo "2534"]
[BlackElo "2662"]
[WhiteFideId "8603693"]
[BlackFideId "8601445"]
[EventDate "2013.04.16"]

1. d4 d5 2. c4 c6 3. Nf3 Nf6 4. Nc3 dxc4 5. a4 Bf5 6. Ne5 Nbd7 7. Nxc4 Nb6 8.
Ne5 a5 9. e3 Nbd7 10. Qb3 Nxe5 11. dxe5 Nd7 12. Qxb7 Nxe5 13. Nb5 Rb8 14. Qc7 f6
15. Qxd8+ Rxd8 16. Nd4 Nd3+ 17. Bxd3 Bxd3 18. Bd2 e5 19. Nxc6 Rc8 20. Rc1 Be4
21. Nxa5 Rxc1+ 22. Bxc1 Bxg2 23. Rg1 Bf3 24. Bd2 Kf7 25. Bc3 Be7 26. Nc4 Bd5 27.
Nb6 Bb3 28. a5 Rb8 29. Ke2 Bd8 30. Nd7 Bc4+ 31. Kf3 Rb7 32. Rd1 Ke8 33. Nb6 Bxb6
34. axb6 Rxb6 35. e4 Rb7 36. Ke3 Rd7 37. Rxd7 1/2-1/2

[Event "ch-CHN 2013"]
[Site "Xinghua CHN"]
[Date "2013.04.16"]
[Round "1.4"]
[White "Wang, Yue"]
[Black "Ma, Qun"]
[Result "0-1"]
[WhiteTitle "GM"]
[BlackTitle "GM"]
[WhiteElo "2706"]
[BlackElo "2559"]
[WhiteFideId "8601429"]
[BlackFideId "8603154"]
[EventDate "2013.04.16"]

1. d4 d5 2. c4 c6 3. cxd5 cxd5 4. Nc3 Nf6 5. Bf4 Nc6 6. e3 a6 7. Bd3 Bg4 8. f3
Bh5 9. Nge2 e6 10. g4 Bg6 11. h4 Nb4 12. Bb1 Bxb1 13. Rxb1 Be7 14. Kf2 Nd7 15.
g5 Rc8 16. a3 Nc6 17. Qg1 h5 18. gxh6 Bxh4+ 19. Bg3 Bxg3+ 20. Qxg3 gxh6 21. e4
Nf6 22. e5 Nd7 23. Qg7 Rf8 24. Qxh6 Qb6 25. Qe3 Ndxe5 26. dxe5 d4 27. Nxd4 Qxd4
28. Ne4 Qxe3+ 29. Kxe3 Rc7 30. Rbc1 Kd7 31. f4 Ne7 32. Nf6+ Kc8 33. Ke4 Rxc1 34.
Rxc1+ Nc6 35. Kf3 Rd8 36. Rc2 Rd1 37. Rg2 Nd4+ 38. Kg4 Nf5 39. Kg5 Kd8 40. Ng8
Ke8 41. Kf6 Kf8 42. Rc2 Kxg8 43. Rc8+ Kh7 44. Kxf7 Ng7 45. Rc2 Rd7+ 46. Kf6 b5
47. b4 Rd4 48. Kg5 Rd3 49. Kf6 Rd4 50. Kg5 Rd3 51. Kf6 Rg3 52. Kf7 Rg6 53. Rh2+
Rh6 54. Rg2 Nf5 55. Rg4 Kh8 56. Rg8+ Kh7 57. Rg4 Kh8 58. Rg8+ Kh7 59. Ra8 Rg6
60. Rxa6 Rg7+ 61. Ke8 Rb7 62. Kd8 Ng7 63. Kc8 Rf7 64. Ra5 Nh5 65. Rxb5 Kg6 66.
a4 Nxf4 67. a5 Nd5 68. Kb8 Rf4 69. a6 Rxb4 70. Rb7 Rh4 71. Kc8 Kf5 72. Rf7+ Kxe5
73. a7 Kd6 74. Rd7+ Kc5 75. Rg7 Ra4 76. Kb7 Rb4+ 77. Kc8 Nb6+ 78. Kb7 Kd6 79.
Rg1 Nd5+ 80. Ka6 Nc7+ 81. Ka5 Rb5+ 82. Ka4 Rb7 0-1

[Event "ch-CHN 2013"]
[Site "Xinghua CHN"]
[Date "2013.04.16"]
[Round "1.5"]
[White "Li, Shilong"]
[Black "Zhao, Jun"]
[Result "1/2-1/2"]
[WhiteTitle "GM"]
[BlackTitle "GM"]
[WhiteElo "2558"]
[BlackElo "2589"]
[WhiteFideId "8600678"]
[BlackFideId "8602522"]
[EventDate "2013.04.16"]

1. d4 Nf6 2. c4 g6 3. Nc3 Bg7 4. e4 d6 5. Nf3 O-O 6. Be2 e5 7. O-O exd4 8. Nxd4
Re8 9. f3 Nc6 10. Be3 Nh5 11. Qd2 Nxd4 12. Bxd4 Nf4 13. Rfd1 Bxd4+ 14. Qxd4
Nxe2+ 15. Nxe2 b6 16. Nc3 Bb7 17. Nd5 Bxd5 18. cxd5 Qg5 19. Rac1 Re7 20. Qd2 Qe5
21. Qd4 Qg5 22. Qd2 Qe5 23. Qd4 Qg5 24. Qd2 Qe5 25. Qd4 Qg5 1/2-1/2

[Event "ch-CHN 2013"]
[Site "Xinghua CHN"]
[Date "2013.04.17"]
[Round "2.1"]
[White "Hou, Yifan"]
[Black "Yu, Yangyi"]
[Result "1-0"]
[WhiteTitle "GM"]
[BlackTitle "GM"]
[WhiteElo "2617"]
[BlackElo "2675"]
[WhiteFideId "8602980"]
[BlackFideId "8603820"]
[EventDate "2013.04.16"]

1. e4 c5 2. Nf3 d6 3. d4 cxd4 4. Nxd4 Nf6 5. Nc3 Nc6 6. Bg5 Qb6 7. Nb3 e6 8. Bd3
Be7 9. O-O O-O 10. Qd2 a6 11. Rae1 Qc7 12. Re3 b5 13. Rg3 Ne5 14. f4 Nxd3 15.
cxd3 Nh5 16. Rh3 Nf6 17. Qe2 e5 18. Rg3 Kh8 19. fxe5 dxe5 20. Rxf6 Bxf6 21. Nd5
Qd8 22. Bxf6 gxf6 23. Qh5 Rg8 24. Qxf7 Qf8 25. Rxg8+ Qxg8 26. Qxf6+ Qg7 27. Qd8+
Qg8 28. Qe7 Bg4 29. Nf6 Qg6 30. Qxe5 Bd1 31. Nh5+ 1-0

[Event "ch-CHN 2013"]
[Site "Xinghua CHN"]
[Date "2013.04.17"]
[Round "2.2"]
[White "Zhao, Jun"]
[Black "Zhou, Weiqi"]
[Result "1/2-1/2"]
[WhiteTitle "GM"]
[BlackTitle "GM"]
[WhiteElo "2589"]
[BlackElo "2590"]
[WhiteFideId "8602522"]
[BlackFideId "8601674"]
[EventDate "2013.04.16"]

1. e4 c6 2. Nc3 d5 3. Nf3 a6 4. d4 Bg4 5. h3 Bh5 6. exd5 cxd5 7. g4 Bg6 8. Ne5
Nc6 9. h4 Nxe5 10. dxe5 h5 11. Qxd5 Qxd5 12. Nxd5 O-O-O 13. Nb6+ Kc7 14. Nc4 e6
15. Bg5 Rd7 16. gxh5 Bxh5 17. Bg2 Ne7 18. Rh3 Nc6 19. a3 Bc5 20. Kf1 b5 21. Bxc6
Kxc6 22. Na5+ Kb6 23. b4 Bd4 24. Re1 Kc7 25. c4 Bb6 26. cxb5 Bxa5 27. Rc3+ Kb7
28. bxa6+ Kxa6 29. bxa5 Rb8 30. Kg2 Kxa5 31. Be3 Bd1 32. Bc5 Bb3 33. Bd6 Bd5+
34. Kg3 Rb2 35. h5 f5 36. f3 Rf7 37. Rc5+ Rb5 38. Rxb5+ Kxb5 39. Kf4 Ra7 40. Rg1
Bc6 41. Rb1+ Kc4 42. Rc1+ Kb5 43. Rc5+ Kb6 44. Rc3 Ra8 45. Rb3+ Ka5 46. Rb8 Ra7
47. Rc8 Kb6 48. Rb8+ Ka5 49. Bb4+ Ka4 50. Bc5 Rd7 51. Bd6 Ka5 52. Bb4+ Ka4 53.
Bd6 Ka5 54. Rg8 Kb5 55. Rf8 Ra7 56. Rb8+ Ka5 1/2-1/2

[Event "ch-CHN 2013"]
[Site "Xinghua CHN"]
[Date "2013.04.17"]
[Round "2.3"]
[White "Ma, Qun"]
[Black "Li, Shilong"]
[Result "1-0"]
[WhiteTitle "GM"]
[BlackTitle "GM"]
[WhiteElo "2559"]
[BlackElo "2558"]
[WhiteFideId "8603154"]
[BlackFideId "8600678"]
[EventDate "2013.04.16"]

1. e4 c5 2. Nf3 a6 3. c4 d6 4. d4 Bg4 5. d5 Nf6 6. Nc3 e5 7. dxe6 Bxe6 8. Ng5
Nc6 9. f4 g6 10. Be3 Bg7 11. Nxe6 fxe6 12. Bd3 Qe7 13. O-O O-O 14. Kh1 Kh8 15.
Rc1 Rad8 16. Qf3 Nh5 17. Qh3 Bh6 18. g3 e5 19. Nd5 Qg7 20. Rf2 Ne7 21. Nc7 exf4
22. Ne6 Qf7 23. gxf4 Rde8 24. Nxf8 Rxf8 25. Be2 Nc6 26. Bxh5 gxh5 27. f5 Bg7 28.
f6 Bxf6 29. Bg5 Qe7 30. Qf5 Bxg5 31. Qxf8+ Qxf8 32. Rxf8+ Kg7 33. Rcf1 Ne5 34.
b3 1-0

[Event "ch-CHN 2013"]
[Site "Xinghua CHN"]
[Date "2013.04.17"]
[Round "2.4"]
[White "Zhou, Jianchao"]
[Black "Wang, Yue"]
[Result "0-1"]
[WhiteTitle "GM"]
[BlackTitle "GM"]
[WhiteElo "2607"]
[BlackElo "2706"]
[WhiteFideId "8603537"]
[BlackFideId "8601429"]
[EventDate "2013.04.16"]

1. c4 Nf6 2. Nc3 e6 3. e4 d5 4. e5 d4 5. exf6 dxc3 6. bxc3 Qxf6 7. Nf3 e5 8. d4
exd4 9. Bg5 Qe6+ 10. Be2 h6 11. Nxd4 Qd7 12. Be3 Be7 13. Nb5 Na6 14. Nxa7 Bc5
15. Nxc8 Qxd1+ 16. Rxd1 Bxe3 17. Bf3 Nc5 18. fxe3 Rxc8 19. Rd5 b6 20. Re5+ Kf8
21. Rd5 Ke7 22. O-O Rhd8 23. g4 f6 24. h4 Rxd5 25. cxd5 Kd6 26. g5 hxg5 27. hxg5
fxg5 28. Bg2 Re8 29. Rf7 Re7 30. Rf5 Rxe3 31. Rxg5 Rxc3 32. Rg6+ Ke5 33. Rc6 Na4
34. Rg6 Nb2 35. Rxg7 Nd3 36. Re7+ Kd6 37. Re6+ Kc5 38. Re7 Kb4 39. d6 cxd6 40.
Rd7 Kc5 41. Rc7+ Kd4 42. Rb7 Rc1+ 43. Bf1 Rb1 44. Kg2 0-1

[Event "ch-CHN 2013"]
[Site "Xinghua CHN"]
[Date "2013.04.18"]
[Round "3.1"]
[White "Xiu, Deshun"]
[Black "Hou, Yifan"]
[Result "1-0"]
[WhiteTitle "GM"]
[BlackTitle "GM"]
[WhiteElo "2534"]
[BlackElo "2617"]
[WhiteFideId "8603693"]
[BlackFideId "8602980"]
[EventDate "2013.04.16"]

1. d4 Nf6 2. c4 c5 3. d5 e6 4. Nc3 exd5 5. cxd5 d6 6. e4 g6 7. h3 Bg7 8. Nf3 O-O
9. Bd3 a6 10. a4 Nbd7 11. O-O Nh5 12. Bg5 Bf6 13. Be3 Re8 14. Re1 Rb8 15. Qc2
Ne5 16. Be2 Nxf3+ 17. Bxf3 Ng7 18. a5 Be5 19. Bd2 f5 20. Na4 fxe4 21. Bxe4 Bf5
22. Bxf5 Nxf5 23. Nb6 Qh4 24. Bc3 Nd4 25. Bxd4 Bxd4 26. Rad1 Rf8 27. Rd2 Rf5 28.
Nd7 Rd8 29. Re4 Bxf2+ 30. Rxf2 Qxf2+ 31. Qxf2 Rxf2 32. Kxf2 Rxd7 33. Re6 Kf8 34.
Kg3 Kg8 35. Kf2 Kf8 36. Kg3 c4 37. h4 Rc7 38. Rxd6 Rc5 39. Rb6 Rxa5 40. Rxb7 h5
41. d6 Rd5 42. Rb6 a5 43. Kf4 Kf7 44. Ke4 Rd2 45. Ke5 Re2+ 46. Kd5 Rd2+ 47. Kc6
Ke6 48. Kc7 a4 49. Rc6 Rd4 50. g3 Kf7 51. Ra6 c3 52. bxc3 Rc4+ 53. Kd8 Rxc3 54.
Rxa4 Rxg3 55. d7 Rd3 56. Re4 Rd1 57. Re8 Rc1 58. Re7+ Kf8 59. Re2 Kf7 60. Rf2+
Kg7 61. Rf4 g5 62. hxg5 Kg6 63. Rd4 Ra1 64. Rd5 Kf7 65. Kc7 1-0

[Event "ch-CHN 2013"]
[Site "Xinghua CHN"]
[Date "2013.04.18"]
[Round "3.3"]
[White "Wang, Yue"]
[Black "Bu, Xiangzhi"]
[Result "1-0"]
[WhiteTitle "GM"]
[BlackTitle "GM"]
[WhiteElo "2706"]
[BlackElo "2662"]
[WhiteFideId "8601429"]
[BlackFideId "8601445"]
[EventDate "2013.04.16"]

1. c4 c5 2. Nf3 Nc6 3. Nc3 Nf6 4. g3 g6 5. Bg2 Bg7 6. O-O O-O 7. d4 cxd4 8. Nxd4
Nxd4 9. Qxd4 d6 10. Qd3 a6 11. Bd2 Bd7 12. a4 a5 13. b3 Bc6 14. e4 Nd7 15. Rab1
Nc5 16. Qe2 e6 17. Rfd1 Qe7 18. h4 h6 19. Nb5 Rfd8 20. Bf4 e5 21. Be3 h5 22. Nc3
b6 23. f3 Kh7 24. Bh3 Bh6 25. Bf2 Rab8 26. Kg2 Qc7 27. Qc2 Qe7 28. Rf1 Qb7 29.
Rbd1 Qe7 30. Nd5 Bxd5 31. Rxd5 Qc7 32. Qd1 Qe7 33. Rh1 Kg8 34. Kf1 Kg7 35. Rg1
Kh7 36. Ke2 Kg7 37. Rh1 Kg8 38. Kf1 Qf6 39. Kg2 Qe7 40. Re1 Kh7 41. Re2 Kg8 42.
Re1 Kh7 43. Rg1 Kg7 44. Kf1 Qf6 45. Ke2 Qe7 46. Qc2 Kg8 47. Qc3 Kh7 48. Rh1 Kg8
49. Qc2 Kh7 50. Be1 Kg8 51. Bc3 Ra8 52. Bb2 Kh7 53. Qc3 Rab8 54. Kd1 Kg8 55. Kc2
Kh7 56. Kb1 Na6 57. Ba3 Nc5 58. Ka2 Bg7 59. Rhd1 Qf6 60. Bb2 Na6 61. Kb1 Nc5 62.
Re1 Qe7 63. f4 Kg8 64. f5 g5 65. hxg5 Qxg5 66. Qf3 Qf6 67. Qxh5 Bh6 68. g4 Qg5
69. f6 Qxf6 70. g5 Qxg5 71. Qd1 Kf8 72. Rxd6 Ke7 73. Rd5 Bg7 74. Bf5 Rxd5 75.
cxd5 Qf6 76. Qc2 Qd6 77. Rh1 Rh8 78. Rxh8 Bxh8 79. Ba3 Bf6 80. b4 Na6 81. b5 Nb4
82. Qc3 Kf8 83. Bc1 1-0

[Event "ch-CHN 2013"]
[Site "Xinghua CHN"]
[Date "2013.04.18"]
[Round "3.5"]
[White "Zhou, Weiqi"]
[Black "Ma, Qun"]
[Result "1-0"]
[WhiteTitle "GM"]
[BlackTitle "GM"]
[WhiteElo "2590"]
[BlackElo "2559"]
[WhiteFideId "8601674"]
[BlackFideId "8603154"]
[EventDate "2013.04.16"]

1. d4 d5 2. c4 c6 3. cxd5 cxd5 4. Nc3 Nf6 5. Bf4 Nc6 6. e3 Bf5 7. Qb3 Na5 8.
Qa4+ Bd7 9. Qc2 Rc8 10. Nf3 g6 11. Bd3 Bg7 12. h3 b5 13. a3 Nc4 14. O-O O-O 15.
Rfc1 a6 16. Qe2 Bf5 17. Ne5 Nd7 18. Bxf5 gxf5 19. Nd3 e6 20. a4 Qb6 21. axb5
axb5 22. b3 Nd6 23. Qa2 Ne4 24. Ne2 Nef6 25. Rc2 Qb7 26. Rac1 Rxc2 27. Qxc2 Ra8
28. Bd6 Ne4 29. Bb4 Bf8 30. Bxf8 Kxf8 31. f3 Nd6 32. Nc5 Qa7 33. Nf4 Nf6 34. Qf2
Qa2 35. Qe1 Qa5 36. Qh4 Nde8 37. Qf2 Qa2 38. Qe1 Nd6 39. Kh2 Qa5 40. Qf2 Ke7 41.
Ncd3 Qa2 42. Qh4 Ne8 43. Nh5 Qxb3 44. Nxf6 Qxd3 45. Nxd5+ Kf8 46. Qh6+ Ng7 47.
Nf6 Qd2 48. Nxh7+ Ke8 49. Rc7 1-0

[Event "ch-CHN 2013"]
[Site "Xinghua CHN"]
[Date "2013.04.18"]
[Round "3.6"]
[White "Yu, Yangyi"]
[Black "Zhao, Jun"]
[Result "1/2-1/2"]
[WhiteTitle "GM"]
[BlackTitle "GM"]
[WhiteElo "2675"]
[BlackElo "2589"]
[WhiteFideId "8603820"]
[BlackFideId "8602522"]
[EventDate "2013.04.16"]

1. e4 e5 2. Nf3 Nc6 3. d4 exd4 4. Nxd4 Bc5 5. Nxc6 Qf6 6. Qf3 bxc6 7. Nd2 Qxf3
8. gxf3 Be7 9. Nb3 Bf6 10. h4 Ne7 11. c3 O-O 12. Be3 a5 13. O-O-O d6 14. Nd4 Ba6
15. Bxa6 Rxa6 16. Bg5 Rb8 17. Bxf6 gxf6 18. h5 c5 19. Ne2 Rab6 20. Rd2 h6 21. a4
Kh7 22. Rg1 Nc6 23. f4 Ne7 24. f3 Rg8 25. Rxg8 Kxg8 26. f5 Rb8 27. Nf4 Kf8 28.
Ng2 Nc8 29. Ne3 Nb6 30. Rg2 Ke7 31. Rg7 Kf8 32. Rg2 Ke7 33. Kc2 c6 34. b3 c4 35.
Nxc4 Nxc4 36. bxc4 c5 37. Rg1 Kf8 38. f4 Ke7 39. Kd3 Rb2 40. Rg8 Ra2 41. Rh8
Rxa4 42. Rxh6 Ra1 43. Rh8 a4 44. h6 Rh1 45. h7 Rh3+ 46. Kc2 Rh2+ 47. Kd3 Rh3+
48. Ke2 a3 49. Kf2 a2 50. Ra8 Rxh7 51. Kg3 Rg7+ 52. Kf3 Rh7 53. Ra7+ Ke8 54. e5
fxe5 55. fxe5 Rh4 56. exd6 Rxc4 57. Rxa2 Kd7 58. Ra6 f6 59. Ke3 Rxc3+ 60. Ke4
Rc1 61. Kd5 Rd1+ 62. Kxc5 Rc1+ 63. Kd5 Rd1+ 64. Ke4 Rxd6 65. Ra4 Rd1 66. Ra6 Ke7
67. Ra7+ Kf8 68. Kf4 Rd4+ 69. Ke3 1/2-1/2

[Event "ch-CHN 2013"]
[Site "Xinghua CHN"]
[Date "2013.04.19"]
[Round "4.1"]
[White "Hou, Yifan"]
[Black "Zhao, Jun"]
[Result "1-0"]
[WhiteTitle "GM"]
[BlackTitle "GM"]
[WhiteElo "2617"]
[BlackElo "2589"]
[WhiteFideId "8602980"]
[BlackFideId "8602522"]
[EventDate "2013.04.16"]

1. e4 e5 2. Nf3 Nc6 3. Bc4 Bc5 4. c3 Nf6 5. d4 exd4 6. e5 d5 7. Be2 Ne4 8. cxd4
Nxd4 9. Nxd4 Nxf2 10. Kxf2 Qh4+ 11. g3 Bxd4+ 12. Be3 Bxe3+ 13. Kxe3 Qh6+ 14. Kf3
O-O 15. Qd4 Be6 16. Qf4 Qh3 17. Qh4 Qxh4 18. gxh4 f6 19. exf6 Rxf6+ 20. Ke3 Re8
21. Nc3 Bg4+ 22. Kd3 Bxe2+ 23. Nxe2 Rf3+ 24. Kd2 Rf2 25. Rae1 d4 26. Kd1 Re3 27.
h3 c5 28. b3 Kf7 29. Nc1 Kf6 30. Rxe3 dxe3 31. Ne2 Ke5 32. Rg1 Rf7 33. Rg5+ Ke4
34. Rg4+ Ke5 35. Nc3 Rf3 36. Rxg7 Rxh3 37. Rxh7 Rh2 38. Rxb7 Rxh4 39. Ke2 1-0

[Event "ch-CHN 2013"]
[Site "Xinghua CHN"]
[Date "2013.04.19"]
[Round "4.3"]
[White "Zhou, Jianchao"]
[Black "Zhou, Weiqi"]
[Result "1/2-1/2"]
[WhiteTitle "GM"]
[BlackTitle "GM"]
[WhiteElo "2607"]
[BlackElo "2590"]
[WhiteFideId "8603537"]
[BlackFideId "8601674"]
[EventDate "2013.04.16"]

1. d4 Nf6 2. c4 e6 3. Nc3 Bb4 4. Qc2 d6 5. a3 Bxc3+ 6. Qxc3 O-O 7. f3 c5 8. dxc5
dxc5 9. Bg5 Nc6 10. e3 e5 11. Rd1 Qa5 12. Ne2 Be6 13. Bxf6 gxf6 14. Rc1 Rfd8 15.
Ng3 f5 16. Be2 f6 17. Kf2 Qxc3 18. Rxc3 Rd2 19. Rb1 Rad8 20. Nf1 R2d7 21. f4 a5
22. g3 b6 23. Ke1 Na7 24. Rd1 Rxd1+ 25. Bxd1 Nc8 26. Nd2 Nd6 27. Be2 Kf7 28. Nf3
e4 29. Nd2 Ke7 30. Rc1 Kd7 31. a4 Ke7 32. b3 Ne8 33. Nb1 Nc7 34. Nc3 Ne8 35. Rd1
Rxd1+ 36. Bxd1 Bf7 37. Kf2 Nd6 38. Kg2 Kf8 39. Kh3 Kg7 40. Kh4 Be6 41. Be2 Bf7
42. Nb1 Be6 43. Nd2 Bd7 44. Nf1 Kg6 45. h3 Bc8 46. g4 h6 47. Ng3 Kg7 48. Nf1 Bd7
49. Nd2 Be8 50. Nf1 Bd7 51. Kg3 Kg6 52. Kf2 Kg7 53. Ng3 Be6 54. Nh1 Bd7 55. Kg3
Be6 56. Nf2 Kg6 57. Nh1 Kg7 58. Kf2 Bd7 59. Ng3 Be6 60. Nf1 Bd7 61. Nd2 Be6 62.
Nb1 Bd7 63. Nc3 Bc6 64. Bf1 Kg6 65. Be2 Kg7 66. Kg3 Kg6 67. Bd1 Kg7 68. Kf2 Kg6
69. Kg3 Kg7 70. Kh4 Kg6 71. Ne2 Bd7 72. Ng3 Kg7 73. gxf5 Bxf5 74. Bg4 Bh7 75. f5
Kf8 76. Kh5 Kg7 77. Kh4 Kf8 78. Kh5 Kg7 1/2-1/2

[Event "ch-CHN 2013"]
[Site "Xinghua CHN"]
[Date "2013.04.19"]
[Round "4.4"]
[White "Bu, Xiangzhi"]
[Black "Li, Shilong"]
[Result "1/2-1/2"]
[WhiteTitle "GM"]
[BlackTitle "GM"]
[WhiteElo "2662"]
[BlackElo "2558"]
[WhiteFideId "8601445"]
[BlackFideId "8600678"]
[EventDate "2013.04.16"]

1. Nf3 c5 2. c4 Nf6 3. Nc3 e6 4. g3 Nc6 5. Bg2 d5 6. cxd5 exd5 7. d4 Be7 8. O-O
O-O 9. Bg5 cxd4 10. Nxd4 h6 11. Be3 Re8 12. Qa4 Bd7 13. Rad1 Nb4 14. Qb3 a5 15.
a4 Rc8 16. Nc2 Nxc2 17. Bb6 Bxa4 18. Nxa4 Qd6 19. e3 Nb4 20. Bxa5 Ra8 21. Bxb4
Qxb4 22. Qxb4 Bxb4 23. Nb6 Ra2 24. b3 d4 25. exd4 Ree2 26. Bf3 Reb2 27. Nd5 Nxd5
28. Bxd5 b6 29. Rc1 Rc2 30. Be4 Rxc1 31. Rxc1 g6 32. Rc7 Be1 33. f4 Bf2+ 34. Kh1
f5 35. Bd5+ Kh8 36. Bf7 g5 37. d5 Bc5 38. Be6 Ra1+ 39. Kg2 Ra2+ 40. Kf1 gxf4 41.
gxf4 Rf2+ 42. Ke1 Rxf4 43. Ke2 Rh4 44. Bxf5 Rxh2+ 45. Kd3 Rf2 46. Be6 Rf4 47.
Rc6 Kg7 48. Kc3 Kf6 49. Bc8+ Ke5 50. Rxh6 1/2-1/2

[Event "ch-CHN 2013"]
[Site "Xinghua CHN"]
[Date "2013.04.19"]
[Round "4.5"]
[White "Li, Chao b"]
[Black "Wang, Yue"]
[Result "1/2-1/2"]
[WhiteTitle "GM"]
[BlackTitle "GM"]
[WhiteElo "2686"]
[BlackElo "2706"]
[WhiteFideId "8604436"]
[BlackFideId "8601429"]
[EventDate "2013.04.16"]

1. d4 d5 2. c4 c6 3. Nf3 Nf6 4. cxd5 cxd5 5. Nc3 Nc6 6. Bf4 Bf5 7. e3 e6 8. Bd3
Bxd3 9. Qxd3 a6 10. O-O Bd6 11. Bxd6 Qxd6 12. Rac1 O-O 13. Na4 Ne4 14. Nc5 Nxc5
15. Rxc5 Rac8 16. Rfc1 Ne7 17. Ne5 Rxc5 18. Rxc5 f6 19. Nf3 Rc8 20. Rxc8+ Nxc8
21. Qc3 Ne7 22. Ne1 Qc6 23. Qxc6 Nxc6 24. Nd3 b6 25. f4 f5 26. Kf2 Kf7 27. Kf3
Kf6 28. h4 h5 29. g3 Ke7 30. Ke2 Kd6 31. Kd2 Ne7 32. Nb4 a5 33. Nd3 Nc6 34. a4
Kd7 35. Ne5+ Nxe5 36. fxe5 Ke7 37. Ke2 Kf7 38. Kf3 Kg6 39. Ke2 Kh6 40. Kf3 g5
41. Ke2 g4 1/2-1/2

[Event "ch-CHN 2013"]
[Site "Xinghua CHN"]
[Date "2013.04.20"]
[Round "5.2"]
[White "Wang, Yue"]
[Black "Xiu, Deshun"]
[Result "1-0"]
[WhiteTitle "GM"]
[BlackTitle "GM"]
[WhiteElo "2706"]
[BlackElo "2534"]
[WhiteFideId "8601429"]
[BlackFideId "8603693"]
[EventDate "2013.04.16"]

1. Nf3 Nf6 2. g3 d5 3. Bg2 c6 4. c4 Bg4 5. Ne5 Be6 6. cxd5 Bxd5 7. Nf3 c5 8. O-O
e6 9. Nc3 Bc6 10. d3 Nbd7 11. e4 Be7 12. Qe2 e5 13. a4 O-O 14. Nd2 Ne8 15. Nc4
Nc7 16. Bh3 Bf6 17. Be3 b6 18. Rfc1 Nb8 19. a5 b5 20. Nd2 Nba6 21. Na2 Be7 22.
b4 Bd7 23. Bxd7 Qxd7 24. bxc5 Rfd8 25. Rc3 b4 26. Rc4 Ne6 27. Nb3 Rac8 28. Nxb4
Nxb4 29. Rxb4 Nxc5 30. Nxc5 Bxc5 31. Bxc5 Rxc5 32. a6 Rb5 33. Rc4 Rb6 34. Ra5
Rb5 35. Rxb5 Qxb5 36. Qa2 Qb6 37. Qa3 g6 38. Kg2 Rd6 39. Qc3 Re6 40. f4 Qxa6 41.
Rc8+ Kg7 42. Qc5 Qd6 43. fxe5 Qe7 44. d4 a5 45. Qxe7 Rxe7 46. Ra8 Rd7 47. d5 Re7
48. d6 1-0

[Event "ch-CHN 2013"]
[Site "Xinghua CHN"]
[Date "2013.04.20"]
[Round "5.3"]
[White "Li, Shilong"]
[Black "Li, Chao b"]
[Result "1/2-1/2"]
[WhiteTitle "GM"]
[BlackTitle "GM"]
[WhiteElo "2558"]
[BlackElo "2686"]
[WhiteFideId "8600678"]
[BlackFideId "8604436"]
[EventDate "2013.04.16"]

1. c4 Nf6 2. Nc3 d5 3. cxd5 Nxd5 4. g3 Nxc3 5. bxc3 g6 6. Bg2 Bg7 7. Rb1 O-O 8.
Rxb7 Bxb7 9. Bxb7 Nd7 10. Bxa8 Qxa8 11. Nf3 Qc6 12. O-O Qc4 13. Ba3 Bf6 14. Nd4
Rb8 15. Nb3 Qa6 16. Bb4 Qxa2 17. d4 e5 18. e3 exd4 19. exd4 Nb6 20. Qf3 Qxb3 21.
Qxf6 Qd5 22. Qf4 a5 23. Bc5 Re8 24. Bxb6 cxb6 25. Qc7 Re6 26. Rd1 Rc6 27. Qb7
Kg7 28. Re1 a4 29. Qa8 b5 30. Re5 Qc4 31. Re8 Re6 32. Rg8+ Kh6 33. h4 f5 34. Qd8
Re1+ 35. Kh2 Rh1+ 36. Kxh1 1/2-1/2

[Event "ch-CHN 2013"]
[Site "Xinghua CHN"]
[Date "2013.04.20"]
[Round "5.4"]
[White "Zhou, Weiqi"]
[Black "Bu, Xiangzhi"]
[Result "1/2-1/2"]
[WhiteTitle "GM"]
[BlackTitle "GM"]
[WhiteElo "2590"]
[BlackElo "2662"]
[WhiteFideId "8601674"]
[BlackFideId "8601445"]
[EventDate "2013.04.16"]

1. d4 Nf6 2. c4 e6 3. Nc3 Bb4 4. Qc2 d5 5. a3 Bxc3+ 6. Qxc3 Ne4 7. Qc2 c5 8.
dxc5 Nc6 9. e3 Qa5+ 10. Bd2 Nxd2 11. Qxd2 dxc4 12. Bxc4 Qxc5 13. Rc1 Qg5 14. f4
Qh4+ 15. Qf2 Qxf2+ 16. Kxf2 Ke7 17. Nf3 Bd7 18. Rhd1 Rhd8 19. Be2 Be8 20. Rxd8
Rxd8 21. Rd1 Rxd1 22. Bxd1 f6 23. Bc2 h6 24. Nd2 Na5 25. Ke2 Bb5+ 26. Bd3 Be8
27. Bc2 Bb5+ 28. Bd3 Ba4 29. Be4 Bb5+ 30. Bd3 Be8 31. Be4 Bb5+ 32. Bd3 1/2-1/2

[Event "ch-CHN 2013"]
[Site "Xinghua CHN"]
[Date "2013.04.20"]
[Round "5.5"]
[White "Yu, Yangyi"]
[Black "Zhou, Jianchao"]
[Result "1/2-1/2"]
[WhiteTitle "GM"]
[BlackTitle "GM"]
[WhiteElo "2675"]
[BlackElo "2607"]
[WhiteFideId "8603820"]
[BlackFideId "8603537"]
[EventDate "2013.04.16"]

1. e4 e5 2. Nf3 Nc6 3. d4 exd4 4. Nxd4 Nf6 5. Nxc6 bxc6 6. e5 Qe7 7. Qe2 Nd5 8.
c4 Nb6 9. Nc3 Qe6 10. Qe4 g6 11. Bd3 Bg7 12. f4 O-O 13. O-O Ba6 14. b3 f5 15.
Qf3 d6 16. Qxc6 Qe8 17. Qxe8 Rfxe8 18. Bb2 dxe5 19. fxe5 Rad8 20. Rfd1 Bxe5 21.
Bf1 c5 22. Rxd8 Rxd8 23. Rd1 Rxd1 24. Nxd1 Bxb2 25. Nxb2 Bb7 26. g3 Kf7 27. Bg2
Bxg2 28. Kxg2 Ke6 29. Nd3 Nd7 30. h4 Kd6 31. Kf2 h6 32. Nf4 Ne5 33. Ke3 g5 34.
hxg5 hxg5 35. Nh3 Nf7 36. Nf2 Ne5 37. Nh3 Nf7 38. Nf2 Ne5 1/2-1/2

[Event "ch-CHN 2013"]
[Site "Xinghua CHN"]
[Date "2013.04.20"]
[Round "5.6"]
[White "Zhao, Jun"]
[Black "Ma, Qun"]
[Result "1/2-1/2"]
[WhiteTitle "GM"]
[BlackTitle "GM"]
[WhiteElo "2589"]
[BlackElo "2559"]
[WhiteFideId "8602522"]
[BlackFideId "8603154"]
[EventDate "2013.04.16"]

1. e4 e5 2. Nf3 Nc6 3. Bb5 Nf6 4. d3 Bc5 5. c3 O-O 6. O-O d6 7. h3 Ne7 8. d4 Bb6
9. Re1 Ng6 10. Nbd2 c6 11. Bf1 Re8 12. Qc2 h6 13. b3 Nh7 14. Bb2 Nf4 15. Re3 Qf6
16. Rae1 Bc7 17. b4 Ng5 18. h4 Nxf3+ 19. Nxf3 Bg4 20. g3 Ng6 21. Bg2 a5 22. a3
Bb6 23. Qd2 Qe6 24. Rd3 axb4 25. cxb4 Bxf3 26. Rxf3 exd4 27. Bxd4 Bxd4 28. Qxd4
Ne5 29. Rc3 Qa2 30. Rd1 Rxa3 31. Rxa3 Qxa3 32. Qxd6 Qb2 33. Qd2 Qb3 34. Ra1 Kh7
35. Qd4 Re7 36. Qc5 Re8 37. Qb6 Qc3 38. Rd1 Re7 39. Qd4 Qb3 40. Rf1 f6 41. Qc5
Rd7 42. Bh3 Rd2 43. Bf5+ g6 44. Bc8 Qf7 45. Ra1 Qc7 46. Bxb7 h5 47. b5 Nd3 48.
Qxc6 Qe5 49. Qd7+ Kh6 50. Ra8 f5 51. Qd8 Rd1+ 52. Kh2 Nxf2 53. Qf8+ Kh7 54. Qg8+
Kh6 55. Qf8+ Kh7 56. Qg8+ Kh6 57. Qh8+ Qxh8 58. Rxh8+ Kg7 59. Re8 Ng4+ 60. Kg2
Rd2+ 61. Kg1 Rd1+ 62. Kg2 Rd2+ 63. Kf1 Nh2+ 64. Ke1 Nf3+ 65. Kf1 Nh2+ 66. Ke1 1/2-1/2